<?xml version="1.0" encoding="UTF-8"?>
<collection xmlns="http://www.loc.gov/MARC21/slim">
 <record>
  <leader>00621cam a2200193 7i4500</leader>
  <controlfield tag="001">0000003229</controlfield>
  <controlfield tag="005">20150325090000.0</controlfield>
  <controlfield tag="003">  iicp-my</controlfield>
  <controlfield tag="005">  20021204213300.0</controlfield>
  <controlfield tag="008">000000                       00         </controlfield>
  <datafield tag="039" ind1=" " ind2="9">
   <subfield code="y">200212042133</subfield>
   <subfield code="z">VLOAD</subfield>
  </datafield>
  <datafield tag="090" ind1="0" ind2="0">
   <subfield code="a">956 </subfield>
   <subfield code="b">BIC</subfield>
  </datafield>
  <datafield tag="100" ind1=" " ind2=" ">
   <subfield code="a">Bickerton, Ian J. </subfield>
  </datafield>
  <datafield tag="245" ind1="0" ind2="0">
   <subfield code="a">A concise history to the Arab-Israel conflict  </subfield>
   <subfield code="c">Ian J.Bickerton, Carla L. Klausner..</subfield>
  </datafield>
  <datafield tag="650" ind1=" " ind2="0">
   <subfield code="a">Israel-Arab conflicts. </subfield>
  </datafield>
  <datafield tag="650" ind1=" " ind2="0">
   <subfield code="a">Jewish-Arab relations - -- </subfield>
   <subfield code="y">1917 - </subfield>
  </datafield>
  <datafield tag="650" ind1=" " ind2="0">
   <subfield code="a">Israel - -- </subfield>
   <subfield code="x">History. </subfield>
  </datafield>
  <datafield tag="650" ind1=" " ind2="0">
   <subfield code="a">Palestine - -- </subfield>
   <subfield code="x">History - -- </subfield>
   <subfield code="y">1917-1949. </subfield>
  </datafield>
  <datafield tag="999" ind1=" " ind2=" ">
   <subfield code="a">1000003983</subfield>
   <subfield code="b">Book</subfield>
   <subfield code="c">White Spot</subfield>
  </datafield>
 </record>
</collection>
